Diseño y creación del modelo de base de datos "IM" para elaborar examenes en cursos de la Escuela de Ingeniería Mecánica
Na minha lista:
| Autor principal: | |
|---|---|
| Outros Autores: | |
| Formato: | Livro |
| Publicado em: |
[San José , Costa Rica]
1991
|
| Assuntos: | |
| Tags: |
Adicionar Tag
Sem tags, seja o primeiro a adicionar uma tag!
|
MARC
| LEADER | 00000nam a2200000Ia 4500 | ||
|---|---|---|---|
| 003 | 005403 | ||
| 005 | 20221231144324.0 | ||
| 008 | 140114s1991 cr a m 000 ||s d | ||
| 040 | |c cru CEDI | ||
| 090 | |a TFG 2573 | ||
| 100 | |a Barrantes Ortega, Luis Diego |9 12552 | ||
| 245 | |a Diseño y creación del modelo de base de datos "IM" para elaborar examenes en cursos de la Escuela de Ingeniería Mecánica | ||
| 260 | |c 1991 |a [San José , Costa Rica] | ||
| 300 | |a xx, 228 hojas : ilustraciones ; 28 cm. | ||
| 500 | |a Tesis (licenciatura en ingenieria mecanica)--Universidad de Costa Rica. Facultad de Ingeniería. Escuela de Ingenieria Mecanica | ||
| 650 | |x BASES DE DATOS - COSTA RICA |x EXAMENES UNIVERSITARIOS - PROGRAMAS PARA COMPUTADORA |9 12554 | ||
| 700 | |9 12553 |a Vallejos Ruiz, Osvaldo | ||
| 942 | |c TFG | ||
| 999 | |c 20153 |d 20153 | ||
